Primi 15 paesi interessati da Covid-19 - 22 maggio - Statistics

Statistiche generali
  • Questo quiz è stato fatto 6 volte
  • Il punteggio medio è 13 su 25
Statistiche sulle risposte
nazione % Corretto
Cina
100%
Francia
100%
Germania
100%
Italia
100%
Russia
100%
Stati Uniti
100%
Brasile
83%
Canada
83%
Regno Unito
83%
Spagna
83%
India
67%
Belgio
50%
Svezia
33%
Svizzera
33%
Turchia
33%
Arabia Saudita
17%
Bahrain
17%
Bielorussia
17%
Iran
17%
Irlanda
17%
Perù
17%
Qatar
17%
Cile
0%
Kuwait
0%
Singapore
0%
Nessun quiz corrispondente trovato
Distribuzione punteggi
Percentuale di utenti per punteggio
Percentile per numero di risposta
I tuoi punteggi nel tempo
Non hai fatto questo quiz